MARC details
| 000 -LEADER |
| fixed length control field |
03292nam a2200373Ka 4500 |
| 001 - CONTROL NUMBER |
| control field |
bslw06332381 |
| 003 - CONTROL NUMBER IDENTIFIER |
| control field |
UtOrBLW |
| 005 - DATE AND TIME OF LATEST TRANSACTION |
| control field |
20210303085429.0 |
| 006 - FIXED-LENGTH DATA ELEMENTS--ADDITIONAL MATERIAL CHARACTERISTICS |
| fixed length control field |
m d |
| 007 - PHYSICAL DESCRIPTION FIXED FIELD--GENERAL INFORMATION |
| fixed length control field |
cr un||||||||| |
| 008 - FIXED-LENGTH DATA ELEMENTS--GENERAL INFORMATION |
| fixed length control field |
101115s2000 enk o 001 0 eng d |
| 020 ## - INTERNATIONAL STANDARD BOOK NUMBER |
| International Standard Book Number |
9781849500487 (electronic bk.) : |
| Terms of availability |
£68.95 ; €100.95 ; $122.95 |
| 040 ## - CATALOGING SOURCE |
| Original cataloging agency |
UtOrBLW |
| Transcribing agency |
UtOrBLW |
| 050 #4 - LIBRARY OF CONGRESS CALL NUMBER |
| Classification number |
Z678 |
| Item number |
.A38 2000 |
| 072 #7 - SUBJECT CATEGORY CODE |
| Subject category code |
GLC |
| Source |
bicssc |
| 072 #7 - SUBJECT CATEGORY CODE |
| Subject category code |
LIB |
| Source |
bicssc |
| 072 #7 - SUBJECT CATEGORY CODE |
| Subject category code |
REF000000 |
| Source |
bisacsh |
| 080 ## - UNIVERSAL DECIMAL CLASSIFICATION NUMBER |
| Universal Decimal Classification number |
023 |
| 082 04 - DEWEY DECIMAL CLASSIFICATION NUMBER |
| Classification number |
025.1 |
| Edition number |
22 |
| 245 00 - TITLE STATEMENT |
| Title |
Advances in library administration and organization. |
| Number of part/section of a work |
Vol. 17 |
| Medium |
[electronic resource] / |
| Statement of responsibility, etc. |
edited by Delmus E. Williams and Edward D. Garten. |
| 260 ## - PUBLICATION, DISTRIBUTION, ETC. |
| Place of publication, distribution, etc. |
Bingley, U.K. : |
| Name of publisher, distributor, etc. |
Emerald, |
| Date of publication, distribution, etc. |
2000. |
| 300 ## - PHYSICAL DESCRIPTION |
| Extent |
1 online resource (ix, 350 p.). |
| 490 0# - SERIES STATEMENT |
| Series statement |
Advances in library administration and organization, |
| International Standard Serial Number |
0732-0671 |
| 500 ## - GENERAL NOTE |
| General note |
Includes index. |
| 505 0# - FORMATTED CONTENTS NOTE |
| Formatted contents note |
Promotion and tenure for academic librarians : current practices at selected institutions / W. Bede Mitchell -- Sensemaking and networked information / Mary Lynn Rice-Lively -- The changing role of the chief information officer in higher education / Jon P. O'Donnell, Isadore Newman -- Assessing the georgia library learning on-line (Galileo) project / David P. Bunnell -- Exploring the viability of establishing an advisory committee and the role, function, and effectiveness of such an advisory committee in addressing issues facing a community college library / John C. Painter -- The relationship between work behavior type and elements of job satisfaction of a selected group of academic librarians / Carol Ritzen Kem -- Assessing technical efficiency of research libraries / Wonsik Shim -- An international information gateway : Thunderbird's intranet for teaching, learning, and research / Carol Hammond, Wes Edens, Ann Tolzman, Catharine Cebrowski -- The electronic global library of Jones International University / Kim Dority, Martin Garnar -- Introduction / Delmus E. Williams. |
| 520 ## - SUMMARY, ETC. |
| Summary, etc. |
Advances in Library Administration and Organization, since its inception in 1982, has had as its primary aim the provision of a forum for research articles of interest to library managers that are longer than the typical journal article but shorter than most books in library administration. Over the years, ALAO has been successful in allowing more experienced managers to discuss fully topics that interest them and in identifying scholars who are talking about issues that are of importance to all library administrators. From the outset, ALAO's mix of contributions to the literature of library administration and organization was intended to be both diverse and eclectic. Now in its 17th year ALAO has remained true to its purpose. The series is widely read by practitioners, library and information science graduate students, and those working in associated fields of information management. ALAO remains the premier monographic series in library administration and organization. |
| 588 0# - SOURCE OF DESCRIPTION NOTE |
| Source of description note |
Print version record |
| 650 #0 - SUBJECT ADDED ENTRY--TOPICAL TERM |
| Topical term or geographic name entry element |
Library administration. |
| 700 1# - ADDED ENTRY--PERSONAL NAME |
| Personal name |
Williams, Delmus Eugene. |
| 700 1# - ADDED ENTRY--PERSONAL NAME |
| Personal name |
Garten, Edward. |
| 776 1# - ADDITIONAL PHYSICAL FORM ENTRY |
| International Standard Book Number |
9780762306473 |
| 856 40 - ELECTRONIC LOCATION AND ACCESS |
| Uniform Resource Identifier |
<a href="https://www.emerald.com/insight/publication/doi/10.1016/S0732-0671(2000)17">https://www.emerald.com/insight/publication/doi/10.1016/S0732-0671(2000)17</a> |
| 913 ## - |
| -- |
BMEbacklist |